| 000 | 01373nam a2200253Ii 4500 | ||
|---|---|---|---|
| 003 | JO-AjNU | ||
| 005 | 20240630113020.0 | ||
| 008 | 230605s9999||||xx |||||||||||||| ||und|| | ||
| 040 |
_aJO-AjNU _bara _erda _cJO-AjNU |
||
| 041 | _aara | ||
| 050 | 1 | 4 | _aLC4704.2022 |
| 100 | 1 |
_aالمقابلة، سهاد مصطفى احمد _eمعد _965956 |
|
| 245 | 0 | 0 |
_aالالكسثيميا وعلاقته بالانسحاب الاجتماعي لدى طلبة ذوي صعوبات التعلم من وجهة نظر اولياء امورهم=Alexithymia and its Relationship to Social Withdrawal among Students With Learning Disabilities from Parents' Perspectives / _cاعداد سهاد مصطفى محمد المقابلة ؛ إشراف محمد احمد العمري، ربيع حامد الزغول |
| 260 | _c2022 | ||
| 300 | _a82 ورقة | ||
| 336 |
_atext _btxt _2rdacontent |
||
| 337 |
_aunmediated _bn _2rdamedia |
||
| 338 |
_avolume _bnc _2rdacarrier |
||
| 500 | _aرسالة جامعية(اطروحة ماجستير) تخصص صعوبات التعلم/كلية العلوم التربوية، جامعة عجلون الوطنية، 2022 | ||
| 650 | 4 |
_aصعوبات تعلم-جوانب اجتماعية _963514 |
|
| 700 | 1 |
_aالعمري،محمد احمد _965959 _eمشرف |
|
| 700 | 1 |
_aالزغول،ربيع حامد _965960 _eمشرف مشارك |
|
| 942 |
_2lcc _cTHS |
||
| 999 |
_c32383 _d32383 |
||